| 000 | 00707cab a2200241 4500 | ||
|---|---|---|---|
| 001 | ABS44291 | ||
| 008 | 090401t1991 xxu||||| |||| 00| 0 eng d | ||
| 035 | _a(Sirsi) u46399 | ||
| 041 | _aeng | ||
| 100 | _aHarris, S. | ||
| 245 | _aHolding a candle in Europe | ||
| 260 | _c1991 | ||
| 350 | _a0 | ||
| 490 |
_aValuer (ISVA) _v60(2) March 1991, 7(1) |
||
| 520 | _aExamines the different auctioneering methods in mainland Europe and discusses how easy it would be for British auctioneers to move into European markets. | ||
| 650 |
_aAuctioneering _96218 |
||
| 650 | _aCANDLE METHOD | ||
| 650 | _aFRANCE | ||
| 650 | _aNETHERLANDS | ||
| 690 | _aOVERSEAS-EUROPE | ||
| 942 | _n0 | ||
| 948 | _c04/03/1997 | ||
| 999 |
_c29352 _d29352 |
||